<?xml version="1.0" encoding="UTF-8"?>
<collection xmlns="http://www.loc.gov/MARC21/slim">
 <record>
  <leader>00605pamaa2200181   4500</leader>
  <controlfield tag="001">0000029540</controlfield>
  <controlfield tag="005">20111021090000.0</controlfield>
  <datafield tag="020" ind1="0" ind2="0">
   <subfield code="a">0240803604 </subfield>
  </datafield>
  <datafield tag="082" ind1=" " ind2=" ">
   <subfield code="a">621.38275 GOF 1999</subfield>
  </datafield>
  <datafield tag="090" ind1="0" ind2="0">
   <subfield code="a">TA1800 </subfield>
   <subfield code="b">GOF 1999</subfield>
  </datafield>
  <datafield tag="100" ind1="1" ind2="0">
   <subfield code="a">Goff </subfield>
  </datafield>
  <datafield tag="245" ind1="1" ind2="0">
   <subfield code="a">Fiber optic reference guide : </subfield>
   <subfield code="b">a practical guide to the technology  </subfield>
   <subfield code="c">David R. Goff and edited by Kimberley S. Hansen.</subfield>
  </datafield>
  <datafield tag="250" ind1="0" ind2="0">
   <subfield code="a">2nd ed.</subfield>
  </datafield>
  <datafield tag="260" ind1="0" ind2="0">
   <subfield code="a">Boston: </subfield>
   <subfield code="b">Focal Press, </subfield>
   <subfield code="c">1999.</subfield>
  </datafield>
  <datafield tag="300" ind1=" " ind2=" ">
   <subfield code="a">vi, 223p.; </subfield>
   <subfield code="c">28cm.</subfield>
  </datafield>
  <datafield tag="650" ind1="0" ind2="0">
   <subfield code="a">Optical communications -- </subfield>
   <subfield code="x">Equipment and supplies </subfield>
  </datafield>
  <datafield tag="650" ind1="0" ind2="0">
   <subfield code="a">Fiber optics -- </subfield>
   <subfield code="x">Equipment and supplies </subfield>
  </datafield>
  <datafield tag="700" ind1="1" ind2="1">
   <subfield code="a">Hansen, </subfield>
   <subfield code="h">Kimberley S. </subfield>
  </datafield>
 </record>
</collection>
